[Event "Moscow-ch op Superfinal"]
[Site "Ershovo"]
[Date "2024.02.28"]
[Round "8"]
[White "Fedorov, Artem Alek"]
[Black "Lisenkov, Svyatoslav"]
[Result "1-0"]
[WhiteElo "2018"]
[BlackElo "2171"]
[PlyCount "61"]
[EventDate "2024.02.23"]
[EventType "swiss"]
[EventRounds "10"]
[EventCountry "RUS"]
[SourceTitle "CB10_2024"]
[SourceDate "2024.03.06"]
[SourceVersion "1"]
[SourceVersionDate "2024.03.06"]
[SourceQuality "1"]

1. e4 e5 2. Nf3 Nc6 3. Bb5 a6 4. Ba4 Bc5 5. 0-0 Nge7 6. Nxe5 Nxe5 7. d4 Ba7 8. dxe5 Ng6 9. Nc3 c6 10. Kh1 Nxe5 11. f4 Ng6 12. Qf3 0-0 13. Be3 d6 14. Rad1 Bxe3 15. Qxe3 Qe7 16. Bb3 b5 17. f5 Ne5 18. f6 gxf6 19. Qf4 a5 20. a3 Kg7 21. Ne2 Ng6 22. Qf2 Qe5 23. Nd4 Ne7 24. Nf3 Qxb2 25. Nd4 Ng8 26. Rd3 a4 27. e5 dxe5 28. Nf5+ Bxf5 29. Qxf5 axb3 30. Rg3+ Kh8 31. Qg4 1-0

[Event "Moscow-ch op Superfinal"]
[Site "Ershovo"]
[Date "2024.02.27"]
[Round "7"]
[White "Bardyk, Artem"]
[Black "Fedorov, Artem Alek"]
[Result "1-0"]
[WhiteElo "2192"]
[BlackElo "2018"]
[PlyCount "71"]
[EventDate "2024.02.23"]
[EventType "swiss"]
[EventRounds "10"]
[EventCountry "RUS"]
[SourceTitle "CB10_2024"]
[SourceDate "2024.03.06"]
[SourceVersion "1"]
[SourceVersionDate "2024.03.06"]
[SourceQuality "1"]

1. Nf3 d5 2. b3 Nf6 3. Bb2 c5 4. e3 e6 5. c4 Nc6 6. cxd5 exd5 7. Bb5 Bd6 8. 0-0 0-0 9. d4 Bg4 10. dxc5 Bxc5 11. Be2 Qd6 12. Nc3 a6 13. h3 Bh5 14. Nh4 Bg6 15. Nxg6 hxg6 16. Bf3 Rad8 17. Ne2 Ba7 18. Rc1 Bb8 19. g3 Ne4 20. Bg2 Rfe8 21. a3 Ne7 22. Qd3 Nf5 23. Nf4 Ba7 24. Kh2 g5 25. Ne2 Nfxg3 26. fxg3 Nxg3 27. Nxg3 Rxe3 28. Qf5 Qxg3+ 29. Kh1 f6 30. Bxf6 gxf6 31. Qg6+ Kh8 32. Qxf6+ Kh7 33. Qxd8 Qe5 34. Rc7+ Kh6 35. Rf6+ Qxf6 36. Qxf6+ 1-0

[Event "Moscow-ch op Superfinal"]
[Site "Ershovo"]
[Date "2024.02.24"]
[Round "2"]
[White "Fedorov, Artem Alek"]
[Black "Klimentov, Evgeny"]
[Result "1-0"]
[WhiteElo "2018"]
[BlackElo "2292"]
[PlyCount "59"]
[EventDate "2024.02.23"]
[EventType "swiss"]
[EventRounds "10"]
[EventCountry "RUS"]
[SourceTitle "CB10_2024"]
[SourceDate "2024.03.06"]
[SourceVersion "1"]
[SourceVersionDate "2024.03.06"]
[SourceQuality "1"]

1. e4 c5 2. Nf3 e6 3. d4 cxd4 4. Nxd4 a6 5. a3 Qc7 6. c4 Nf6 7. Nc3 b6 8. Be3 Bb7 9. f3 Be7 10. g4 d6 11. Rc1 0-0 12. Bd3 Nfd7 13. g5 Qd8 14. f4 e5 15. Nf3 exf4 16. Bxf4 Ne5 17. Bxe5 dxe5 18. Qd2 Nc6 19. Nd5 Bc5 20. Qg2 Nd4 21. Nxe5 Bxd5 22. cxd5 Re8 23. Nxf7 Kxf7 24. b4 Nb3 25. Rc3 Bd4 26. Rxb3 Qxd5 27. Qf1+ Kg6 28. e5+ Kh5 29. Qh3+ Kxg5 30. Qf5+ 1-0

[Event "St Petersburg Korchnoi Memorial op"]
[Site "St Petersburg"]
[Date "2023.08.21"]
[Round "6"]
[White "Afineevskij, Ilya"]
[Black "Fedorov, Artem Alek"]
[Result "1/2-1/2"]
[WhiteElo "1621"]
[BlackElo "1909"]
[PlyCount "120"]
[EventDate "2023.08.18"]
[EventType "swiss"]
[EventRounds "9"]
[EventCountry "RUS"]
[SourceTitle "EXT 2024"]
[Source "ChessBase"]
[SourceDate "2023.10.10"]
[SourceVersion "1"]
[SourceVersionDate "2023.10.10"]
[SourceQuality "1"]

1. Nf3 d5 2. b3 Nf6 3. Bb2 c5 4. e3 Nc6 5. Bb5 Bg4 6. h3 Bh5 7. Bxc6+ bxc6 8. d3 e6 9. Nbd2 Bxf3 10. Nxf3 Qa5+ 11. Qd2 Qc7 12. 0-0 Bd6 13. Rae1 e5 14. e4 d4 15. Nxe5 Bxe5 16. f4 Nd7 17. fxe5 Qxe5 18. Rf5 Qd6 19. Qf4 Qxf4 20. Rxf4 f6 21. a4 Rb8 22. Ba3 g6 23. h4 Ke7 24. e5 fxe5 25. Rxd4 Ke6 26. Rde4 Kd5 27. Bb2 Rhe8 28. Bc3 Re7 29. Bd2 Rf7 30. Bg5 Rb4 31. g3 Rb8 32. Bh6 Rf5 33. g4 Rf7 34. Kg2 Kd6 35. Kg3 Kd5 36. Kg2 Rb4 37. Bg5 Rb7 38. Kg3 Rb8 39. Bh6 a6 40. Kg2 Re8 41. Kg3 Re6 42. Bg5 h5 43. R4e3 Re8 44. gxh5 gxh5 45. Rf3 Rxf3+ 46. Kxf3 Rf8+ 47. Ke3 Rf5 48. Rg1 Nf8 49. Be7 Ke6 50. Bxf8 Rxf8 51. Rg5 Rh8 52. Ke4 Kd6 53. Rxe5 Rg8 54. Rxh5 Rg2 55. Rh6+ Kc7 56. Rh8 Rxc2 57. h5 Rb2 58. h6 Re2+ 59. Kf3 Rh2 60. h7 Kb7 1/2-1/2

[Event "St Petersburg Korchnoi Memorial op"]
[Site "St Petersburg"]
[Date "2023.08.19"]
[Round "3"]
[White "Fedorov, Artem Alek"]
[Black "Papayan, Oleg"]
[Result "0-1"]
[WhiteElo "1909"]
[BlackElo "2197"]
[PlyCount "80"]
[EventDate "2023.08.18"]
[EventType "swiss"]
[EventRounds "9"]
[EventCountry "RUS"]
[SourceTitle "EXT 2024"]
[Source "ChessBase"]
[SourceDate "2023.10.10"]
[SourceVersion "1"]
[SourceVersionDate "2023.10.10"]
[SourceQuality "1"]

1. e4 e5 2. Nf3 Nc6 3. Bb5 Nf6 4. 0-0 Nxe4 5. Re1 Nd6 6. a4 Be7 7. Nc3 a6 8. Bf1 e4 9. Nxe4 Nxe4 10. Rxe4 d5 11. Re1 d4 12. Bd3 Be6 13. Be4 Bd5 14. d3 0-0 15. Bf4 Bxe4 16. Rxe4 f5 17. Re2 g5 18. Bd2 Bf6 19. Qb1 g4 20. Ne1 Re8 21. Qa2+ Kg7 22. Rxe8 Qxe8 23. Qd5 Qe2 24. Bf4 Re8 25. g3 Be5 26. Qd7+ Re7 27. Qxf5 Bxf4 28. Qxf4 Rf7 29. Qg5+ Kh8 30. Nf3 Qxf3 31. Qd2 Ne5 32. Qe1 Qd5 33. Qb4 Nf3+ 34. Kf1 Nxh2+ 35. Kg1 Nf3+ 36. Kf1 Qh5 37. Ke2 Qe5+ 38. Kf1 c5 39. Qb6 Nd2+ 40. Kg1 Qf5 0-1

[Event "Moscow Time of the First U11"]
[Site "Moscow"]
[Date "2019.06.20"]
[Round "5"]
[White "Fedorov, Artem Alek"]
[Black "Semin, Danila"]
[Result "1-0"]
[WhiteElo "1195"]
[BlackElo "1018"]
[PlyCount "61"]
[EventDate "2019.06.17"]
[EventType "swiss"]
[EventRounds "9"]
[EventCountry "RUS"]
[SourceTitle "EXT 2021"]
[Source "ChessBase"]
[SourceDate "2020.10.23"]
[SourceVersion "1"]
[SourceVersionDate "2020.10.23"]
[SourceQuality "1"]

1. e4 e5 2. Nf3 Nc6 3. Bc4 Bc5 4. b4 Bxb4 5. c3 Ba5 6. d4 exd4 7. Qb3 Qe7 8. 0-0 Nf6 9. cxd4 Nxe4 10. Ba3 d6 11. d5 Ne5 12. Nxe5 Qxe5 13. Bb2 Qg5 14. h4 Qg4 15. Qa4+ Bd7 16. Bb5 Bb6 17. Bxd7+ Qxd7 18. Qxe4+ Qe7 19. Qxe7+ Kxe7 20. Bxg7 Rhg8 21. Re1+ Kd7 22. Bc3 Rg6 23. Kf1 Rag8 24. g3 Bxf2 25. Kxf2 Rxg3 26. Ke2 Rg2+ 27. Kd1 R8g3 28. Bf6 Rf3 29. Re7+ Kc8 30. Re8+ Kd7 31. Rd8# 1-0